Complete CAE : (Record no. 26482)
[ view plain ]
| 000 -LEADER | |
|---|---|
| fixed length control field | 01838cam a22004215a 4500 |
| 001 - CONTROL NUMBER | |
| control field | 19344688 |
| 003 - CONTROL NUMBER IDENTIFIER | |
| control field | EG-ScBUE |
| 005 - DATE AND TIME OF LATEST TRANSACTION | |
| control field | 20220518094822.0 |
| 008 - FIXED-LENGTH DATA ELEMENTS--GENERAL INFORMATION | |
| fixed length control field | 161022s2009 enka f f000 0 eng d |
| 020 ## - INTERNATIONAL STANDARD BOOK NUMBER | |
| International Standard Book Number | 9780521698429 (Student's book without answers with CD-ROM) |
| 020 ## - INTERNATIONAL STANDARD BOOK NUMBER | |
| International Standard Book Number | 9780521698436 (Student's book with answers with CD-ROM) |
| 020 ## - INTERNATIONAL STANDARD BOOK NUMBER | |
| International Standard Book Number | 9780521698443 (Student's book pack) |
| 040 ## - CATALOGING SOURCE | |
| Original cataloging agency | DLC |
| Language of cataloging | eng |
| Description conventions | rda |
| Transcribing agency | DLC |
| Modifying agency | DLC |
| -- | EG-ScBUE |
| 082 04 - DEWEY DECIMAL CLASSIFICATION NUMBER | |
| Edition number | 22 |
| Classification number | 428.24 |
| Item number | BRO |
| 100 1# - MAIN ENTRY--PERSONAL NAME | |
| Personal name | Brook-Hart, Guy, |
| Relator term | author. |
| 9 (RLIN) | 14513 |
| 245 10 - TITLE STATEMENT | |
| Title | Complete CAE : |
| Remainder of title | student's book without answers / |
| Statement of responsibility, etc | Guy Brook-Hart and Simon Haines. |
| 246 3# - VARYING FORM OF TITLE | |
| Title proper/short title | Complete certificate in advanced English |
| 246 3# - VARYING FORM OF TITLE | |
| Title proper/short title | Cambridge complete CAE |
| 264 #1 - PUBLICATION, DISTRIBUTION, ETC. (IMPRINT) | |
| Place of publication, distribution, etc | Cambridge : |
| Name of publisher, distributor, etc | Cambridge University Press, |
| Date of publication, distribution, etc | 2009. |
| 300 ## - PHYSICAL DESCRIPTION | |
| Extent | 264 ages : |
| Other physical details | illustrations ; |
| Dimensions | 28 cm + |
| Accompanying material | 1 CD |
| 336 ## - CONTENT TYPE | |
| Source | rdacontent |
| Content type term | text |
| Content type code | txt |
| 336 ## - CONTENT TYPE | |
| Source | rdacontent |
| Content type term | spoken word |
| Content type code | spw |
| 337 ## - MEDIA TYPE | |
| Source | rdamedia |
| Media type term | unmediated |
| Media type code | n |
| 337 ## - MEDIA TYPE | |
| Source | rdamedia |
| Media type term | audio |
| Media type code | s |
| 338 ## - CARRIER TYPE | |
| Source | rdacarrier |
| Carrier type term | volume |
| Carrier type code | nc |
| 338 ## - CARRIER TYPE | |
| Source | rdacarrier |
| Carrier type term | audio disc |
| Carrier type code | sd |
| 500 ## - GENERAL NOTE | |
| General note | Includes an official CAE exam paper from Cambridge ESOL. |
| 538 ## - SYSTEM DETAILS NOTE | |
| System details note | System requirements for accompanying computer disc: Windows XP, Vista or Mac OSX 10.4.1 or later; 512 MB RAM; 200 MB free hard disk space, CD-ROM drive; sound card and speakers. |
| 650 #7 - SUBJECT ADDED ENTRY--TOPICAL TERM | |
| Topical term or geographic name as entry element | English language |
| Form subdivision | Examinations, questions, etc. |
| Geographic subdivision | Study guides. |
| Source of heading or term | BUEsh |
| 650 #7 - SUBJECT ADDED ENTRY--TOPICAL TERM | |
| Topical term or geographic name as entry element | English language |
| Form subdivision | Textbooks for foreign speakers |
| Geographic subdivision | Study guides. |
| Source of heading or term | BUEsh |
| 650 #7 - SUBJECT ADDED ENTRY--TOPICAL TERM | |
| Topical term or geographic name as entry element | English language |
| General subdivision | Study and teaching |
| -- | Foreign speakers |
| Geographic subdivision | Study guides. |
| Source of heading or term | BUEsh |
| 651 ## - SUBJECT ADDED ENTRY--GEOGRAPHIC NAME | |
| Source of heading or term | BUEsh |
| 653 ## - INDEX TERM--UNCONTROLLED | |
| Resource For college | Humanities: English |
| -- | Generalities |
| Arrived date list | April2018 |
| 655 ## - INDEX TERM--GENRE/FORM | |
| Form subdivision | Reading book |
| 9 (RLIN) | 34232 |
| 700 1# - ADDED ENTRY--PERSONAL NAME | |
| Personal name | Haines, Simon F. E., |
| Relator term | author. |
| 710 2# - ADDED ENTRY--CORPORATE NAME | |
| Corporate name or jurisdiction name as entry element | University of Cambridge. |
| Subordinate unit | ESOL Examinations. |
| 9 (RLIN) | 36018 |
| 942 ## - ADDED ENTRY ELEMENTS (KOHA) | |
| Source of classification or shelving scheme | Dewey Decimal Classification |
| Koha item type | Book - Borrowing |
| Withdrawn status | Lost status | Source of classification or shelving scheme | Damaged status | Not for loan | Home library | Current library | Shelving location | Date acquired | Total Checkouts | Full call number | Barcode | Date last seen | Price effective from | Koha item type |
|---|---|---|---|---|---|---|---|---|---|---|---|---|---|---|
| Dewey Decimal Classification | Central Library | Central Library | Second Floor | 10/04/2018 | 428.24 BRO | 000047575 | 15/07/2025 | 10/04/2018 | Book - Borrowing | |||||
| Dewey Decimal Classification | Central Library | Central Library | First floor | 10/04/2018 | 428.24 BRO | 000047576 | 24/08/2022 | 10/04/2018 | CD | DVD - With book |